000 00269nam a22001217a 4500
020 _a81-7573-106-0
082 _a823
_bAND/W
100 _aANDERSON, CHRISTIAN HANS
245 _aTHE WILD SWANS
260 _aDELHI
_bTINY TOT
650 _aENGLISH SHORT STORY
942 _cBK
999 _c3355
_d3355